Riconosci il Pokémon - Quiz n°356 - Statistics

Statistiche generali
  • Questo quiz è stato fatto 1 volte
  • Il punteggio medio è 9 su 10
Statistiche sulle risposte
Indizio Risposta % Corretto
Altezza 0,1 m
100%
Tasso di cattura 45 (11.9%)
100%
Peso 999,9 kg
100%
Tasso di allevamento Lento
100%
Stadio evoluzione Prima evoluzione
100%
Tipo Psico
100%
Sesso Sconosciuto
100%
Generazione Settima
100%
Abilità Vigore
100%
Pokémon Cosmoem
0%
Nessun quiz corrispondente trovato
Distribuzione punteggi
Percentuale di utenti per punteggio
Percentile per numero di risposta
I tuoi punteggi nel tempo
Non hai fatto questo quiz